00443nam a2200169Ia 4500003000400000005001700004008004100021020001800062040000700080041000800087082001700095100001900112245005600131260005700187300001600244365001300260OSt20230607112556.0210423s2011 xx 000 0 und d a9788192234922 cAL aeng a370.115 SERT aSERTO (Leban). aTeaching for peace and peace curriculum in Manipur. aGuwahatibNorth Eastern social research centrec2011 aviii,91bPB b100cINR